00282pab a2200121 454500008004000000100002100040245003300061260000900094300001300103362001100116650001800127773001500145180718b2006 xxu||||| |||| 00| 0 eng d aNarayanan, K. R. aOur concept of globalisation c2006 aP.17-19. a18 Nov aGlobalization aMainstream